000 00579nam a22001817a 4500
005 20251108165040.0
008 250721s1995 xx 000 0 ara d
082 1 4 _a956.4/جوا
100 1 _aالحمد، جواد
245 1 0 _aالشعب الفلسطيني ضحية الإرهاب و المذابح الصهيونية /
264 1 _aعمان :
_bمركز دراسات الشرق الأوسط،
_c1995.
300 _a153ص : مص
650 1 7 _aتاريخ فلسطين
650 1 7 _aالصهيونية
650 1 7 _aالإرهاب
942 _2ddc
_cBK
999 _c20889
_d20889